Normal view
MARC view
- Dr. Umbreen Ahmed.
Entry Personal Name
001 - CONTROL NUMBER
- control field: 30651
003 - CONTROL NUMBER IDENTIFIER
- control field: NUST
005 - DATE AND TIME OF LATEST TRANSACTION
- control field: 20200923111643.0
008 - FIXED-LENGTH DATA ELEMENTS
- fixed length control field: 200923|| aca||aabn | a|a d
040 ## - CATALOGING SOURCE
- Original cataloging agency: NUST
- Transcribing agency: NUST
100 ## - HEADING--PERSONAL NAME
- Personal name: Dr. Umbreen Ahmed.
670 ## - SOURCE DATA FOUND
- Source citation: Work cat.: (NUST): Siddique, Lubna 30650, EFFECT OF GHRELIN ANTAGONIST ON BLOOD GLUCOSE, INSULIN RESISTANCE, SERUM TESTOSTERONE AND LUTENINIZING HORMONE IN OBESE AND TYPE 2 DIABETIC MALE MICE /, 2014.
